Joueurs ayant remporté un MVP des finales - NBA - Mort subite - Statistiques

Statistiques générales
  • Ce quiz a été pris 519 fois
  • Le résultat moyen est 8 sur 18
Answers on the Grid
Answers color-coded by a green-red scale on the quiz's grid according to % correct below.
Joël Embiid
James Harden
Wes Unseld
Jerry West
Klay Thompson
Bill Walton
Wilt Chamberlain
Kareem Abdul-Jabbar
Bill Russell
Allen Iverson
Nikola Jokić
Charles Barkley
Jaylen Brown
Sam Jones
Manu Ginobili
LeBron James
Tony Parker
Dwyane Wade
Giánnis Antetokoúnmpo
Joe Dumars
Jayson Tatum
Kevin Durant
Kevin Garnett
Paul Pierce
Kobe Bryant
Dominique Wilkins
Kawhi Leonard
Steve Nash
Andre Iguodala
Alex English
John Havlicek
Kyrie Irving
 
Statistiques - réponses
Réponse % Correct
Kareem Abdul-Jabbar
72%
Wilt Chamberlain
62%
LeBron James
59%
Nikola Jokić
59%
Jerry West
51%
Tony Parker
50%
Kobe Bryant
48%
Giánnis Antetokoúnmpo
46%
Kevin Durant
44%
Andre Iguodala
43%
Kawhi Leonard
40%
Jaylen Brown
37%
Dwyane Wade
34%
Bill Walton
27%
Paul Pierce
25%
Wes Unseld
25%
Joe Dumars
15%
John Havlicek
14%
Aucun quiz correspondant
Distribution des résultats
% des personnes avec chaque résultat
Percentile par nombre de réponses
Votre historique - résultats
Vous n’avez pas pris ce quiz